00441nam a2200133 a 450000100100000000500170001000800410002704000250006808200130009310000340010624501030014026000340024330000300027700002498520200930023506.0110201s1988 cu d r 000 0 spa d aDO-SdBNPbspacBNPHU ann*bnn*1 aPérez González, Graciela.14aLos prefijos en el DRAE y en algunos diccionarios de voces cubanas /cGraciela Pérez González. aLa Habana :bAcademia,c1988. a88 p. :btablas ;c23 cm.